[Event "DEM U14 2021"]
[Site "Willingen GER"]
[Date "2021.08.26"]
[Round "5"]
[White "Honstein, Michael"]
[Black "Hecht, Jonas Christian"]
[Result "1-0"]
[Termination "normal"]
[Board "7"]
[WhiteElo "1810"]
[BlackElo "1948"]
[WhiteClock "00:52:24"]
[BlackClock "00:50:55"]
[PlyCount "63"]
[WhiteFideId "16287053"]
[BlackFideId "16214846"]
[EventCountry "GER"]
[EventRounds "9"]
[EventType "swiss"]
[EventDate "2021.08.22"]

1. e4 {[%clk 1:30:54]} c5 {[%clk 1:30:55]} 2. Nf3 {[%clk 1:31:04]} e6 {[%clk
1:31:21]} 3. d4 {[%clk 1:31:21]} cxd4 {[%clk 1:31:47]} 4. Nxd4 {[%clk 1:31:44]}
Nc6 {[%clk 1:32:13]} 5. Nc3 {[%clk 1:31:54]} Qc7 {[%clk 1:32:38]} 6. Be3 {[%clk
1:32:02]} a6 {[%clk 1:32:57]} 7. Qf3 {[%clk 1:31:27]} Ne5 {[%clk 1:31:18]} 8.
Qg3 {[%clk 1:31:46]} b5 {[%clk 1:28:51]} 9. O-O-O {[%clk 1:31:07]} Bb7 {[%clk
1:23:56]} 10. Bxb5 {[%clk 1:26:40]} axb5 {[%clk 1:24:21]} 11. Ndxb5 {[%clk
1:27:03]} Qb8 {[%clk 1:24:47]} 12. Bb6 {[%clk 1:27:04]} Nc4 {[%clk 1:15:25]}
13. Nc7+ {[%clk 1:26:24]} Ke7 {[%clk 1:15:12]} 14. Qg5+ {[%clk 1:20:44]} f6
{[%clk 1:08:00]} 15. Qc5+ {[%clk 1:21:04]} Kf7 {[%clk 1:07:52]} 16. Rxd7+
{[%clk 1:21:19]} Kg6 {[%clk 1:08:15]} 17. Qxc4 {[%clk 1:21:33]} Bc8 {[%clk
1:08:01]} 18. Rd8 {[%clk 1:19:43]} Qxb6 {[%clk 1:07:20]} 19. Rxf8 {[%clk
1:20:06]} Qd6 {[%clk 1:07:18]} 20. Rxg8 {[%clk 1:18:27]} Ba6 {[%clk 1:05:06]}
21. Nxa6 {[%clk 1:18:07]} Rhxg8 {[%clk 1:05:30]} 22. Nb4 {[%clk 1:18:22]} Rgc8
{[%clk 1:04:08]} 23. Qb3 {[%clk 1:12:24]} Rcb8 {[%clk 1:02:41]} 24. a3 {[%clk
1:12:15]} Qb6 {[%clk 1:01:17]} 25. Rf1 {[%clk 1:06:44]} Qc5 {[%clk 0:55:08]}
26. Qxe6 {[%clk 1:05:42]} Qg5+ {[%clk 0:51:51]} 27. f4 {[%clk 1:01:10]} Qxg2
{[%clk 0:52:08]} 28. Rd1 {[%clk 0:59:35]} Rxb4 {[%clk 0:49:41]} 29. axb4 {[%clk
0:56:45]} Ra1+ {[%clk 0:50:10]} 30. Nb1 {[%clk 0:57:14]} Qf3 {[%clk 0:50:38]}
31. f5+ {[%clk 0:52:03]} Kh6 {[%clk 0:50:55]} 32. Qd5 {[%clk 0:52:24]} 1-0

[Event "DEM U14 2021"]
[Site "Willingen GER"]
[Date "2021.08.26"]
[Round "5"]
[White "Hänselmann, Hendrik"]
[Black "Danninger, Hugo"]
[Result "1-0"]
[Termination "normal"]
[Board "8"]
[WhiteElo "1859"]
[BlackElo "1749"]
[WhiteClock "00:42:19"]
[BlackClock "00:13:21"]
[PlyCount "53"]
[WhiteFideId "16232755"]
[BlackFideId "16271246"]
[EventCountry "GER"]
[EventRounds "9"]
[EventType "swiss"]
[EventDate "2021.08.22"]

1. e4 {[%clk 1:30:59]} e6 {[%clk 1:30:44]} 2. d4 {[%clk 1:31:25]} d5 {[%clk
1:30:52]} 3. e5 {[%clk 1:31:52]} c5 {[%clk 1:29:36]} 4. c3 {[%clk 1:32:17]} Qb6
{[%clk 1:29:53]} 5. Nf3 {[%clk 1:32:42]} Nc6 {[%clk 1:30:03]} 6. Be2 {[%clk
1:33:00]} Bd7 {[%clk 1:30:01]} 7. O-O {[%clk 1:33:22]} Nge7 {[%clk 1:29:18]} 8.
Na3 {[%clk 1:33:19]} Nf5 {[%clk 1:26:31]} 9. Nc2 {[%clk 1:33:39]} O-O-O {[%clk
1:26:11]} 10. dxc5 {[%clk 1:11:29]} Bxc5 {[%clk 1:03:07]} 11. b4 {[%clk
1:11:33]} Be7 {[%clk 1:03:27]} 12. Re1 {[%clk 1:04:11]} Nh4 {[%clk 0:47:41]}
13. a4 {[%clk 1:01:16]} Qc7 {[%clk 0:47:14]} 14. Bf4 {[%clk 1:00:41]} Ng6
{[%clk 0:45:39]} 15. Bg3 {[%clk 0:56:01]} Ncxe5 {[%clk 0:40:51]} 16. Nxe5
{[%clk 0:54:54]} Nxe5 {[%clk 0:41:09]} 17. Qd4 {[%clk 0:54:49]} Bd6 {[%clk
0:39:13]} 18. Qxa7 {[%clk 0:53:50]} Nc6 {[%clk 0:38:56]} 19. Qe3 {[%clk
0:53:19]} Bxg3 {[%clk 0:34:05]} 20. hxg3 {[%clk 0:53:20]} Ne5 {[%clk 0:27:05]}
21. a5 {[%clk 0:51:39]} Nc4 {[%clk 0:27:04]} 22. Bxc4 {[%clk 0:46:34]} Qxc4
{[%clk 0:26:35]} 23. Na3 {[%clk 0:45:00]} Qc7 {[%clk 0:26:10]} 24. b5 {[%clk
0:43:50]} Kb8 {[%clk 0:17:32]} 25. Reb1 {[%clk 0:42:58]} Qxa5 {[%clk 0:14:46]}
26. Nc4 {[%clk 0:42:30]} d4 {[%clk 0:13:21]} 27. Qe5+ {[%clk 0:42:19]} 1-0

[Event "DEM U14 2021"]
[Site "Willingen GER"]
[Date "2021.08.26"]
[Round "5"]
[White "Müller, Maximilian"]
[Black "Stork, Christopher"]
[Result "0-1"]
[Termination "normal"]
[Board "9"]
[WhiteElo "1651"]
[BlackElo "1885"]
[WhiteClock "01:05:10"]
[BlackClock "00:55:22"]
[PlyCount "46"]
[WhiteFideId "16243552"]
[BlackFideId "16215400"]
[EventCountry "GER"]
[EventRounds "9"]
[EventType "swiss"]
[EventDate "2021.08.22"]

1. e4 {[%clk 1:30:59]} c5 {[%clk 1:30:44]} 2. Nf3 {[%clk 1:31:27]} a6 {[%clk
1:31:07]} 3. c4 {[%clk 1:31:54]} Nc6 {[%clk 1:31:31]} 4. d4 {[%clk 1:32:21]}
cxd4 {[%clk 1:31:52]} 5. Nxd4 {[%clk 1:32:48]} e5 {[%clk 1:30:44]} 6. Nxc6
{[%clk 1:32:40]} bxc6 {[%clk 1:30:36]} 7. b3 {[%clk 1:31:32]} Nf6 {[%clk
1:29:09]} 8. Bd3 {[%clk 1:25:47]} Bc5 {[%clk 1:26:16]} 9. Bb2 {[%clk 1:25:03]}
d6 {[%clk 1:24:19]} 10. h3 {[%clk 1:24:25]} O-O {[%clk 1:23:36]} 11. O-O {[%clk
1:24:41]} Re8 {[%clk 1:13:13]} 12. a3 {[%clk 1:17:38]} a5 {[%clk 1:12:30]} 13.
Nc3 {[%clk 1:17:17]} Rb8 {[%clk 1:09:28]} 14. Na4 {[%clk 1:16:40]} Ba7 {[%clk
1:08:22]} 15. Qc2 {[%clk 1:16:43]} Nh5 {[%clk 1:07:01]} 16. Bc1 {[%clk
1:04:21]} Nf4 {[%clk 0:59:18]} 17. Be3 {[%clk 1:04:38]} Qg5 {[%clk 0:58:28]}
18. g3 {[%clk 1:03:13]} Bxe3 {[%clk 0:54:34]} 19. fxe3 {[%clk 1:03:35]} Qxg3+
{[%clk 0:54:24]} 20. Kh1 {[%clk 1:03:56]} Nxd3 {[%clk 0:54:08]} 21. Qxd3 {[%clk
1:04:19]} Qxh3+ {[%clk 0:54:31]} 22. Kg1 {[%clk 1:04:45]} Qg3+ {[%clk 0:54:57]}
23. Kh1 {[%clk 1:05:10]} Re6 {[%clk 0:55:22]} 0-1

[Event "DEM U14 2021"]
[Site "Willingen GER"]
[Date "2021.08.26"]
[Round "5"]
[White "Guo, Philipp Ziming"]
[Black "Krüger, Arthur"]
[Result "0-1"]
[Termination "normal"]
[Board "10"]
[WhiteElo "1728"]
[BlackElo "1643"]
[WhiteClock "00:01:58"]
[BlackClock "00:16:03"]
[PlyCount "66"]
[WhiteFideId "16245199"]
[BlackFideId "16244966"]
[EventCountry "GER"]
[EventRounds "9"]
[EventType "swiss"]
[EventDate "2021.08.22"]

1. e4 {[%clk 1:30:56]} e6 {[%clk 1:30:42]} 2. d4 {[%clk 1:31:09]} d5 {[%clk
1:31:05]} 3. Nc3 {[%clk 1:31:28]} Nf6 {[%clk 1:31:29]} 4. Bg5 {[%clk 1:31:46]}
Bb4 {[%clk 1:31:04]} 5. e5 {[%clk 1:31:34]} h6 {[%clk 1:31:29]} 6. Bd2 {[%clk
1:31:39]} Bxc3 {[%clk 1:31:49]} 7. bxc3 {[%clk 1:31:32]} Ne4 {[%clk 1:32:13]}
8. Qg4 {[%clk 1:31:42]} Kf8 {[%clk 1:32:22]} 9. Bd3 {[%clk 1:31:15]} Nxd2
{[%clk 1:32:25]} 10. Kxd2 {[%clk 1:31:38]} c5 {[%clk 1:32:09]} 11. h4 {[%clk
1:31:27]} c4 {[%clk 1:30:18]} 12. Be2 {[%clk 1:30:21]} Nc6 {[%clk 1:29:34]} 13.
Qf4 {[%clk 1:25:28]} Bd7 {[%clk 1:27:18]} 14. Bh5 {[%clk 1:19:48]} Be8 {[%clk
1:26:29]} 15. Ne2 {[%clk 1:12:43]} b5 {[%clk 1:14:13]} 16. a3 {[%clk 1:09:42]}
a5 {[%clk 1:12:21]} 17. Qe3 {[%clk 0:54:15]} Rb8 {[%clk 1:03:32]} 18. Nf4
{[%clk 0:41:55]} b4 {[%clk 0:50:33]} 19. axb4 {[%clk 0:40:07]} axb4 {[%clk
0:49:59]} 20. cxb4 {[%clk 0:36:27]} Rxb4 {[%clk 0:48:35]} 21. Qc3 {[%clk
0:19:44]} Qb6 {[%clk 0:37:39]} 22. Ne2 {[%clk 0:19:57]} g6 {[%clk 0:34:40]} 23.
Bg4 {[%clk 0:19:50]} Bd7 {[%clk 0:31:33]} 24. Rhd1 {[%clk 0:16:59]} Kg7 {[%clk
0:28:46]} 25. Ke1 {[%clk 0:16:22]} Rb8 {[%clk 0:28:26]} 26. h5 {[%clk 0:14:34]}
Qd8 {[%clk 0:24:27]} 27. Qg3 {[%clk 0:10:26]} g5 {[%clk 0:22:23]} 28. c3 {[%clk
0:07:15]} Rb3 {[%clk 0:20:42]} 29. Qh2 {[%clk 0:04:06]} Rb2 {[%clk 0:19:29]}
30. f4 {[%clk 0:03:25]} f5 {[%clk 0:15:34]} 31. exf6+ {[%clk 0:02:52]} Qxf6
{[%clk 0:15:42]} 32. fxg5 {[%clk 0:02:25]} Qxg5 {[%clk 0:16:03]} 33. Qf4 {[%clk
0:01:58]} Rxe2+ 0-1

[Event "DEM U14 2021"]
[Site "Willingen GER"]
[Date "2021.08.26"]
[Round "5"]
[White "Prieb, Robert"]
[Black "Ehrig, Leon Chris"]
[Result "0-1"]
[Termination "normal"]
[Board "11"]
[WhiteTitle "CM"]
[WhiteElo "1950"]
[BlackElo "1671"]
[WhiteClock "00:24:03"]
[BlackClock "00:33:17"]
[PlyCount "90"]
[WhiteFideId "16212002"]
[BlackFideId "16244796"]
[EventCountry "GER"]
[EventRounds "9"]
[EventType "swiss"]
[EventDate "2021.08.22"]

1. d4 {[%clk 1:30:54]} Nf6 {[%clk 1:30:48]} 2. c4 {[%clk 1:31:08]} e6 {[%clk
1:31:05]} 3. Nf3 {[%clk 1:30:46]} d5 {[%clk 1:30:01]} 4. Nc3 {[%clk 1:30:15]}
Bb4 {[%clk 1:30:20]} 5. Qa4+ {[%clk 1:29:12]} Nc6 {[%clk 1:30:37]} 6. Bg5
{[%clk 1:29:12]} O-O {[%clk 1:28:02]} 7. e3 {[%clk 1:27:24]} h6 {[%clk
1:23:28]} 8. Bxf6 {[%clk 1:25:02]} Qxf6 {[%clk 1:22:17]} 9. a3 {[%clk 1:23:50]}
Bxc3+ {[%clk 1:18:54]} 10. bxc3 {[%clk 1:24:13]} Qg6 {[%clk 1:15:10]} 11. Be2
{[%clk 1:10:33]} a6 {[%clk 0:52:40]} 12. O-O {[%clk 1:06:18]} f5 {[%clk
0:47:49]} 13. cxd5 {[%clk 0:59:21]} exd5 {[%clk 0:46:24]} 14. c4 {[%clk
0:58:10]} dxc4 15. Bxc4+ {[%clk 0:58:15]} Kh8 {[%clk 0:40:21]} 16. d5 {[%clk
0:51:37]} Ne7 {[%clk 0:37:30]} 17. Ne5 {[%clk 0:48:11]} Qf6 {[%clk 0:31:43]}
18. f4 {[%clk 0:45:08]} c6 {[%clk 0:26:26]} 19. d6 {[%clk 0:38:18]} Ng6 {[%clk
0:19:14]} 20. d7 {[%clk 0:35:59]} b5 {[%clk 0:18:56]} 21. Qd1 {[%clk 0:32:44]}
Bb7 {[%clk 0:17:10]} 22. Nf7+ {[%clk 0:31:35]} Kh7 {[%clk 0:16:10]} 23. Nd6
{[%clk 0:23:57]} Rab8 {[%clk 0:15:41]} 24. Bf7 {[%clk 0:24:03]} Rfd8 {[%clk
0:08:32]} 25. Be8 {[%clk 0:23:21]} c5 {[%clk 0:08:39]} 26. Ra2 {[%clk 0:16:30]}
Bc6 {[%clk 0:06:23]} 27. Nf7 {[%clk 0:16:23]} Rxe8 {[%clk 0:06:10]} 28. dxe8=Q
{[%clk 0:16:27]} Rxe8 {[%clk 0:06:02]} 29. Ne5 {[%clk 0:13:36]} Nxe5 {[%clk
0:06:11]} 30. fxe5 {[%clk 0:14:01]} Rxe5 {[%clk 0:05:31]} 31. Raf2 {[%clk
0:13:07]} Be4 {[%clk 0:05:35]} 32. Rd2 {[%clk 0:10:02]} c4 {[%clk 0:05:35]} 33.
Rd6 {[%clk 0:09:25]} Qg5 {[%clk 0:05:32]} 34. Qd2 {[%clk 0:09:21]} a5 {[%clk
0:04:56]} 35. Rf2 {[%clk 0:08:40]} b4 {[%clk 0:04:06]} 36. Qd4 {[%clk 0:08:15]}
Re7 {[%clk 0:03:41]} 37. axb4 {[%clk 0:07:43]} Bd3 {[%clk 0:03:56]} 38. h4
{[%clk 0:05:48]} Qh5 {[%clk 0:04:10]} 39. Rd7 {[%clk 0:04:16]} Rxd7 {[%clk
0:04:18]} 40. Qxd7 {[%clk 0:04:38]} axb4 {[%clk 0:04:24]} 41. g3 {[%clk
0:01:19]} Qd1+ {[%clk 0:03:05]} 42. Kh2 {[%clk 0:01:35]} Qe1 {[%clk 0:02:48]}
43. Rxf5 {[%clk 0:24:44]} Qd2+ {[%clk 0:32:31]} 44. Kg1 {[%clk 0:24:48]} Qd1+
{[%clk 0:32:53]} 45. Kh2 {[%clk 0:24:03]} Qc2+ {[%clk 0:33:17]} 0-1

[Event "DEM U14 2021"]
[Site "Willingen GER"]
[Date "2021.08.26"]
[Round "5"]
[White "Zhou, Lepu Coco"]
[Black "Uhlmann, Tim"]
[Result "1/2-1/2"]
[Termination "normal"]
[Board "12"]
[WhiteElo "2009"]
[BlackElo "1704"]
[WhiteClock "00:22:40"]
[BlackClock "00:22:21"]
[PlyCount "104"]
[WhiteFideId "16217136"]
[BlackFideId "16239210"]
[EventCountry "GER"]
[EventRounds "9"]
[EventType "swiss"]
[EventDate "2021.08.22"]

1. e4 {[%clk 1:30:57]} e5 {[%clk 1:30:56]} 2. Nf3 {[%clk 1:31:20]} Nc6 {[%clk
1:31:19]} 3. Bb5 {[%clk 1:31:44]} a6 {[%clk 1:31:31]} 4. Ba4 {[%clk 1:32:07]}
Nf6 {[%clk 1:31:56]} 5. O-O {[%clk 1:32:28]} Nxe4 {[%clk 1:32:17]} 6. d4 {[%clk
1:30:39]} b5 {[%clk 1:32:32]} 7. Bb3 {[%clk 1:30:53]} d5 {[%clk 1:32:35]} 8.
Nxe5 {[%clk 1:27:17]} Nxe5 {[%clk 1:32:53]} 9. dxe5 {[%clk 1:27:41]} c6 {[%clk
1:33:18]} 10. c3 {[%clk 1:26:14]} Be7 {[%clk 1:33:06]} 11. Nd2 {[%clk 1:25:13]}
Nxd2 {[%clk 1:33:20]} 12. Bxd2 {[%clk 1:25:34]} O-O {[%clk 1:33:44]} 13. a4
{[%clk 1:22:31]} Rb8 {[%clk 1:33:45]} 14. Bf4 {[%clk 1:18:50]} Bg5 {[%clk
1:33:40]} 15. Bxg5 {[%clk 1:15:26]} Qxg5 {[%clk 1:34:03]} 16. f4 {[%clk
1:14:58]} Qg6 {[%clk 1:33:49]} 17. axb5 {[%clk 1:12:07]} axb5 {[%clk 1:33:40]}
18. Bc2 {[%clk 1:06:15]} Bf5 {[%clk 1:31:13]} 19. Bxf5 {[%clk 1:05:48]} Qxf5
{[%clk 1:31:36]} 20. g4 {[%clk 1:05:29]} Qe6 {[%clk 1:29:05]} 21. Re1 {[%clk
1:02:20]} b4 {[%clk 1:27:10]} 22. f5 {[%clk 0:54:31]} Qh6 {[%clk 1:25:48]} 23.
Qf3 {[%clk 0:41:55]} bxc3 {[%clk 1:25:02]} 24. bxc3 {[%clk 0:42:12]} Rb2 {[%clk
1:25:04]} 25. Re2 {[%clk 0:40:57]} Rxe2 {[%clk 1:23:42]} 26. Qxe2 {[%clk
0:41:22]} Qg5 {[%clk 1:23:17]} 27. h3 {[%clk 0:34:00]} h6 {[%clk 1:19:27]} 28.
Kg2 {[%clk 0:31:47]} Re8 {[%clk 1:17:41]} 29. Ra6 {[%clk 0:26:17]} Qf4 {[%clk
1:14:33]} 30. e6 {[%clk 0:23:59]} Qc7 {[%clk 1:06:42]} 31. exf7+ {[%clk
0:19:09]} Qxf7 {[%clk 1:06:33]} 32. Qf2 {[%clk 0:19:00]} Qf6 {[%clk 1:02:36]}
33. Qd4 {[%clk 0:09:14]} Qd6 {[%clk 0:56:41]} 34. Ra7 {[%clk 0:07:26]} Re5
{[%clk 0:56:53]} 35. Ra8+ {[%clk 0:05:39]} Kh7 {[%clk 0:56:11]} 36. Qd3 {[%clk
0:05:14]} Re4 {[%clk 0:56:17]} 37. Ra2 {[%clk 0:03:13]} Qe5 {[%clk 0:55:33]}
38. f6 {[%clk 0:01:34]} Qxf6 {[%clk 0:55:20]} 39. Re2 {[%clk 0:01:24]} Qg6
{[%clk 0:46:16]} 40. Rxe4 {[%clk 0:01:47]} dxe4 {[%clk 0:46:42]} 41. Qd4 {[%clk
0:01:26]} Qe6 {[%clk 0:44:32]} 42. Kg3 {[%clk 0:29:43]} g5 {[%clk 1:08:47]} 43.
Qa7+ {[%clk 0:29:48]} Kg6 {[%clk 1:08:53]} 44. Qd4 {[%clk 0:29:47]} Kf7 {[%clk
0:42:49]} 45. Kf2 {[%clk 0:28:56]} Qf6+ {[%clk 0:41:07]} 46. Ke3 {[%clk
0:29:12]} Qf3+ {[%clk 0:41:28]} 47. Kd2 {[%clk 0:29:34]} Qf4+ {[%clk 0:36:11]}
48. Ke2 {[%clk 0:29:17]} Ke6 {[%clk 0:34:38]} 49. Qc4+ {[%clk 0:28:43]} Kd7
{[%clk 0:28:07]} 50. Qd4+ {[%clk 0:29:06]} Kc8 {[%clk 0:25:32]} 51. Qc5 {[%clk
0:22:51]} Kd7 {[%clk 0:22:22]} 52. Qd4+ {[%clk 0:22:40]} Kc8 {[%clk 0:22:21]}
1/2-1/2

[Event "DEM U14 2021"]
[Site "Willingen GER"]
[Date "2021.08.26"]
[Round "5"]
[White "Bock, Marlon"]
[Black "Klühs, Gustaf"]
[Result "1/2-1/2"]
[Termination "normal"]
[Board "13"]
[WhiteElo "1767"]
[BlackElo "1869"]
[WhiteClock "00:06:27"]
[BlackClock "01:20:03"]
[PlyCount "71"]
[WhiteFideId "16244931"]
[BlackFideId "16228936"]
[EventCountry "GER"]
[EventRounds "9"]
[EventType "swiss"]
[EventDate "2021.08.22"]

1. e4 {[%clk 1:30:57]} e6 {[%clk 1:30:46]} 2. d4 {[%clk 1:31:20]} d5 {[%clk
1:31:11]} 3. Bd3 {[%clk 1:31:40]} c5 {[%clk 1:30:32]} 4. exd5 {[%clk 1:31:47]}
Qxd5 {[%clk 1:30:31]} 5. Nf3 {[%clk 1:25:28]} cxd4 {[%clk 1:30:41]} 6. O-O
{[%clk 1:22:08]} Nf6 {[%clk 1:30:47]} 7. Nxd4 {[%clk 1:17:45]} Be7 {[%clk
1:30:23]} 8. Nc3 {[%clk 1:17:06]} Qd8 {[%clk 1:30:42]} 9. Bf4 {[%clk 1:11:35]}
a6 {[%clk 1:29:32]} 10. Re1 {[%clk 1:07:33]} O-O {[%clk 1:29:02]} 11. Qd2
{[%clk 1:05:55]} Bd7 {[%clk 1:26:29]} 12. Rad1 {[%clk 1:02:55]} Nc6 {[%clk
1:26:12]} 13. Nf3 {[%clk 0:53:25]} Nb4 {[%clk 1:21:18]} 14. Bc4 {[%clk
0:42:08]} Bc6 {[%clk 1:21:23]} 15. Ne5 {[%clk 0:37:15]} Qxd2 {[%clk 1:21:06]}
16. Rxd2 {[%clk 0:37:38]} Nbd5 {[%clk 1:21:05]} 17. Bxd5 {[%clk 0:31:59]} Bxd5
{[%clk 1:18:46]} 18. Nxd5 {[%clk 0:23:49]} Nxd5 {[%clk 1:18:26]} 19. Bg3 {[%clk
0:22:23]} Rfd8 {[%clk 1:18:32]} 20. Red1 {[%clk 0:21:55]} Nb4 {[%clk 1:17:56]}
21. c3 {[%clk 0:19:37]} Nc6 {[%clk 1:18:09]} 22. Nxc6 {[%clk 0:15:50]} bxc6
{[%clk 1:18:30]} 23. Rd7 {[%clk 0:15:58]} Bf6 {[%clk 1:18:33]} 24. Rxd8+ {[%clk
0:14:18]} Rxd8 {[%clk 1:18:59]} 25. Rxd8+ {[%clk 0:14:37]} Bxd8 {[%clk
1:19:27]} 26. c4 {[%clk 0:14:26]} f6 {[%clk 1:19:40]} 27. Bd6 {[%clk 0:14:24]}
Kf7 {[%clk 1:20:03]} 28. Kf1 {[%clk 0:14:11]} e5 {[%clk 1:20:28]} 29. Ke2
{[%clk 0:13:41]} Ke6 {[%clk 1:20:52]} 30. Bc5 {[%clk 0:13:29]} h5 {[%clk
1:20:13]} 31. b4 {[%clk 0:11:24]} f5 {[%clk 1:20:23]} 32. f3 {[%clk 0:10:14]}
g5 {[%clk 1:20:17]} 33. Kf2 {[%clk 0:09:25]} g4 {[%clk 1:19:48]} 34. h3 {[%clk
0:06:01]} gxh3 {[%clk 1:19:59]} 35. gxh3 {[%clk 0:06:27]} Bc7 {[%clk 1:20:03]}
36. a4 1/2-1/2

[Event "DEM U14 2021"]
[Site "Willingen GER"]
[Date "2021.08.26"]
[Round "5"]
[White "Aumüller, Naum"]
[Black "Schön, Florian"]
[Result "1/2-1/2"]
[Termination "normal"]
[Board "15"]
[WhiteElo "1674"]
[BlackElo "1642"]
[WhiteClock "00:20:18"]
[BlackClock "00:13:35"]
[PlyCount "44"]
[WhiteFideId "16263960"]
[BlackFideId "16259394"]
[EventCountry "GER"]
[EventRounds "9"]
[EventType "swiss"]
[EventDate "2021.08.22"]

1. e4 {[%clk 1:30:57]} e5 {[%clk 1:30:54]} 2. Nf3 {[%clk 1:31:18]} Nc6 {[%clk
1:31:17]} 3. Bc4 {[%clk 1:31:42]} Bc5 {[%clk 1:31:42]} 4. c3 {[%clk 1:32:09]}
Nf6 {[%clk 1:32:02]} 5. d3 {[%clk 1:32:23]} d6 {[%clk 1:32:21]} 6. O-O {[%clk
1:31:38]} a6 {[%clk 1:32:05]} 7. Bb3 {[%clk 1:31:33]} Ba7 {[%clk 1:31:55]} 8.
Nbd2 {[%clk 1:31:32]} O-O {[%clk 1:32:17]} 9. h3 {[%clk 1:31:14]} h6 {[%clk
1:31:11]} 10. Re1 {[%clk 1:30:53]} Nh5 {[%clk 1:30:53]} 11. Nf1 {[%clk
1:28:56]} Qf6 {[%clk 1:28:46]} 12. Be3 {[%clk 1:27:10]} Nf4 {[%clk 1:27:44]}
13. Ng3 {[%clk 1:22:42]} g6 {[%clk 1:27:56]} 14. d4 {[%clk 0:57:58]} Na5 {[%clk
1:10:49]} 15. Bc2 {[%clk 0:56:08]} Nc4 {[%clk 1:08:09]} 16. Rb1 {[%clk
0:50:33]} Be6 {[%clk 1:06:06]} 17. Nh2 {[%clk 0:42:15]} b5 {[%clk 0:48:06]} 18.
Qf3 {[%clk 0:35:18]} b4 {[%clk 0:44:52]} 19. Bb3 {[%clk 0:25:18]} Na5 {[%clk
0:38:19]} 20. Bc2 {[%clk 0:21:37]} Nc4 {[%clk 0:23:05]} 21. Bb3 {[%clk
0:20:29]} Na5 {[%clk 0:20:20]} 22. Bc2 {[%clk 0:20:18]} Nc4 {[%clk 0:13:35]}
1/2-1/2

[Event "DEM U14 2021"]
[Site "Willingen GER"]
[Date "2021.08.26"]
[Round "5"]
[White "von Mettenheim, Johannes"]
[Black "Herter, Arne"]
[Result "1-0"]
[Termination "normal"]
[Board "16"]
[WhiteElo "1953"]
[BlackElo "1740"]
[WhiteClock "01:19:03"]
[BlackClock "00:32:55"]
[PlyCount "51"]
[WhiteFideId "16244818"]
[BlackFideId "16255372"]
[EventCountry "GER"]
[EventRounds "9"]
[EventType "swiss"]
[EventDate "2021.08.22"]

1. d4 {[%clk 1:30:57]} d5 {[%clk 1:30:55]} 2. c4 {[%clk 1:31:20]} e6 {[%clk
1:31:20]} 3. Nf3 {[%clk 1:31:35]} c5 {[%clk 1:31:39]} 4. cxd5 {[%clk 1:31:57]}
exd5 {[%clk 1:31:59]} 5. g3 {[%clk 1:32:19]} Nc6 {[%clk 1:32:08]} 6. Bg2 {[%clk
1:32:42]} Nf6 {[%clk 1:32:28]} 7. O-O {[%clk 1:33:04]} cxd4 {[%clk 1:32:03]} 8.
Nxd4 {[%clk 1:33:28]} Bc5 {[%clk 1:32:24]} 9. Nxc6 {[%clk 1:29:35]} bxc6 {[%clk
1:32:45]} 10. Qc2 {[%clk 1:29:34]} Qb6 {[%clk 1:21:01]} 11. Nc3 {[%clk
1:29:43]} Bd4 {[%clk 1:17:27]} 12. Na4 {[%clk 1:20:26]} Qa6 {[%clk 1:13:52]}
13. Rd1 {[%clk 1:18:14]} Bf5 {[%clk 0:55:07]} 14. Qxf5 {[%clk 1:18:28]} Qxa4
{[%clk 0:54:45]} 15. Be3 {[%clk 1:18:24]} Bxe3 {[%clk 0:53:00]} 16. Qe5+ {[%clk
1:18:49]} Kf8 {[%clk 0:48:42]} 17. Qxe3 {[%clk 1:19:11]} g6 {[%clk 0:47:24]}
18. Qe5 {[%clk 1:17:26]} Kg7 {[%clk 0:46:51]} 19. Rd4 {[%clk 1:17:50]} Rae8
{[%clk 0:40:15]} 20. Qxf6+ {[%clk 1:18:10]} Kxf6 {[%clk 0:40:27]} 21. Rxa4
{[%clk 1:18:36]} Rxe2 {[%clk 0:40:26]} 22. Rc1 {[%clk 1:18:31]} Rc8 {[%clk
0:32:59]} 23. Bxd5 {[%clk 1:18:45]} Rxb2 {[%clk 0:32:35]} 24. Rxc6+ {[%clk
1:19:08]} Rxc6 {[%clk 0:32:42]} 25. Bxc6 {[%clk 1:19:33]} Rc2 {[%clk 0:32:55]}
26. Bb7 {[%clk 1:19:03]} 1-0